000 00654cam a22002294a 4500
005 20250605164224.0
008 250528s ||||||||||||||||||||||||d
035 _a20798
020 _a9603017477
040 _aGR-AtMCL
_bgre
_dGR-AtMCL
_eAACR2
245 1 _aΒΙΒΛΙΟ ΑΠΟΘΗΚΗΣ
250 _a1
260 _bΣακκουλα,
_c2004
300 _a481
700 1 _aΚεχρας Ιωαννης
_96758
700 1 _aΜαυροκορδατος Ιωαννης
_96759
700 1 _aΠαπαγιαννης Δημητριος
_96760
700 1 _aΤροβας Γρηγορης
_96761
942 _cBK
999 _c5880
_d5880